Calculus for business, Economics, and the Social and Life sciences

Đã lưu trong:
Sonraí Bibleagrafaíochta
Príomhúdar:  Hoffmann, Laurence D
Formáid: Sách
Teanga:Undetermined
Foilsithe:  McGraw-Hill Higher Education  2007
Ábhair:
Clibeanna: Cuir Clib Leis
Gan Chlibeanna, Bí ar an gcéad duine leis an taifead seo a chlibeáil!
Thư viện lưu trữ: Trung tâm Thư viện - Trường Đại học Công nghiệp TP. Hồ Chí Minh
LEADER 00576nam a2200157Ia 4500
001 UIH_05598
008 231011s9999 xx 000 0 und d
082 |a  515 
100 |a  Hoffmann, Laurence D 
245 0 |a  Calculus for business, Economics, and the Social and Life sciences 
245 0 |c  Hoffmann, Laurence D 
260 |b  McGraw-Hill Higher Education 
260 |c  2007 
650 |a  Kinh tế; Khoa học xã hội; Môi trường học;  
927 |a Sách 
980 |a Trung tâm Thư viện - Trường Đại học Công nghiệp TP. Hồ Chí Minh